000 00651nam a22002297a 4500
003 IBSLLIB
005 20260512041226.0
008 260512b |||||||| |||| 00| 0 eng d
020 _a0684860082
040 _aIBSLLIB
_beng
041 _hEng
082 _a306.8
_bCOV
100 _aCovey , Stephen R.
245 _aThe 7 Habits Of Highly Effective Families :
_bBuilding A Beautiful Family Culture In A Turbulent World
260 _aLondon :
_bSimon & Schuster UK Ltd
_c1998
300 _a389 p ;
_b24 cm
650 _aSocial Science
650 _aCulture and institutions
653 _aHabits
653 _aFamily Mission
942 _cLBK
999 _c22107
_d22107